Londres y el liberalismo hispánico / (Record no. 181078)
[ view plain ]
| 000 -LEADER | |
|---|---|
| campo de control de longitud fija | 01203nam a2200289 i 4500 |
| 001 - NÚMERO DE CONTROL | |
| campo de control | 181078 |
| 003 - IDENTIFICADOR DE NÚMERO DE CONTROL | |
| campo de control | ES-MaACL |
| 005 - FECHA Y HORA DE LA ÚLTIMA TRANSACCIÓN | |
| campo de control | 20240223172220.0 |
| 008 - DATOS DE LONGITUD FIJA--INFORMACIÓN GENERAL | |
| campo de control de longitud fija | 121016s2011 sp | |||||||| | spa d |
| 020 ## - NÚMERO INTERNACIONAL ESTÁNDAR DEL LIBRO | |
| Número Internacional Estándar del Libro | 978-84-8489-588-6 |
| 020 ## - NÚMERO INTERNACIONAL ESTÁNDAR DEL LIBRO | |
| Número Internacional Estándar del Libro | 978-3-86527-636-0 |
| 080 ## - NÚMERO DE LA CLASIFICACIÓN DECIMAL UNIVERSAL | |
| Número de la Clasificación Decimal Universal | 929-054.73(=1.460:411 L.)"18":008 |
| 245 00 - MENCIÓN DEL TÍTULO | |
| Título | Londres y el liberalismo hispánico / |
| Mención de responsabilidad, etc. | Daniel Muñoz Sempere, Gregorio Alonso García (eds.). |
| 260 ## - PUBLICACIÓN, DISTRIBUCIÓN, ETC. | |
| Lugar de publicación, distribución, etc. | Madrid : |
| Nombre del editor, distribuidor, etc. | Iberoamericana ; |
| Lugar de publicación, distribución, etc. | Frankfurt am Main : |
| Nombre del editor, distribuidor, etc. | Vervuert, |
| Fecha de publicación, distribución, etc. | 2011. |
| 300 ## - DESCRIPCIÓN FÍSICA | |
| Extensión | 285 p. ; |
| Dimensiones | 24 cm. |
| 490 1# - MENCIÓN DE SERIE | |
| Mención de serie | La cuestión palpitante: los siglos XVIII y XIX en España ; |
| Designación de volumen o secuencia | v. 17 |
| 546 ## - NOTA DE IDIOMA | |
| Nota de lengua/lenguaje | Textos en español e inglés. |
| 650 07 - PUNTO DE ACCESO ADICIONAL DE MATERIA--TÉRMINO DE MATERIA | |
| Término de materia o nombre geográfico como elemento de entrada | Exiliados españoles- |
| Subdivisión geográfica | Gran Bretaña |
| Fuente del encabezamiento o término | |
| 9 (RLIN) | 172182 |
| 650 00 - PUNTO DE ACCESO ADICIONAL DE MATERIA--TÉRMINO DE MATERIA | |
| Término de materia o nombre geográfico como elemento de entrada | Liberalismo- |
| Subdivisión geográfica | España- |
| Subdivisión cronológica | S.XIX. |
| 9 (RLIN) | 14390 |
| 650 #4 - PUNTO DE ACCESO ADICIONAL DE MATERIA--TÉRMINO DE MATERIA | |
| Término de materia o nombre geográfico como elemento de entrada | Literatura española- |
| Subdivisión general | Autores exiliados- |
| Subdivisión geográfica | Gran Bretaña- |
| Subdivisión general | Historia y crítica. |
| 9 (RLIN) | 172181 |
| 700 1# - ENTRADA AGREGADA--NOMBRE PERSONAL | |
| Nombre de persona | Muñoz Sempere, Daniel. |
| 9 (RLIN) | 84501 |
| 700 1# - ENTRADA AGREGADA--NOMBRE PERSONAL | |
| Nombre de persona | Alonso García, Gregorio. |
| 9 (RLIN) | 151621 |
| 830 1# - PUNTO DE ACCESO ADICIONAL DE SERIE-TÍTULO UNIFORME | |
| Título uniforme | La cuestión palpitante: los siglos XVIII y XIX en España ; |
| Designación de volumen o secuencia | v. 17 |
| 9 (RLIN) | 184256 |
| 852 ## - LOCALIZACIÓN | |
| Ubicación | ES-MaACL |
| Número de control de estantería | A-12299 |
| itemnumber | 187961 |
| Sublocalización o colección | R.148340 |
| Ubicación en estantería | Depósito 1 |
| Signatura antigua | Olim: N-5304 |
| 942 ## - ELEMENTOS DE ENTRADA SECUNDARIOS (KOHA) | |
| Fuente del sistema de clasificación o colocación | Clasificación decimal universal |
| Tipo de ítem Koha | Libro impreso |
| Estatus retirado | Estado de pérdida | Fuente del sistema de clasificación o colocación | Estado de daño | No para préstamo | Biblioteca de origen | Biblioteca actual | Ubicación en estantería | Fecha de adquisición | Fuente de adquisición | Total de préstamos | Signatura topográfica completa | Código de barras | Visto por última vez | Precio de reemplazo | Tipo de ítem Koha |
|---|---|---|---|---|---|---|---|---|---|---|---|---|---|---|---|
| Clasificación decimal universal | Biblioteca del Ateneo de Madrid | Biblioteca del Ateneo de Madrid | Depósito 1 | 16/10/2012 | Compra | A-12299 | 1190289 | 23/02/2023 | 23/02/2023 | Libro impreso |
